| 000 | 00510nam a22001577a 4500 | ||
|---|---|---|---|
| 005 | 20231109144917.0 | ||
| 008 | 231109b |||||||| |||| 00| 0 eng d | ||
| 041 | _aEnglish | ||
| 082 | _a346.1 VAN | ||
| 100 |
_aVan den Heever, FP _lEnglish |
||
| 245 |
_aBreach of Promise and Seduction in South African Law / _cFP Van den Heever |
||
| 260 |
_aCape Town : _bJuta and Company Ltd, _c1954 |
||
| 300 |
_b74 pages ; _c23 cm. |
||
| 650 |
_aLegal practice _bLaw |
||
| 942 |
_cBK _6ALISON_BN_VRIES |
||
| 999 |
_c496 _d496 |
||